[Event "Prague Summer op-B 9th"]
[Site "Prague"]
[Date "2022.08.09"]
[Round "6"]
[White "Beketov, Timur"]
[Black "Sterba, Erik"]
[Result "1-0"]
[WhiteElo "1411"]
[BlackElo "1815"]
[PlyCount "51"]
[EventDate "2022.08.05"]
[EventType "swiss"]
[EventRounds "9"]
[EventCountry "CZE"]
[SourceTitle "EXT 2023"]
[Source "ChessBase"]
[SourceDate "2022.10.05"]
[SourceVersion "1"]
[SourceVersionDate "2022.10.05"]
[SourceQuality "1"]

1. e4 c5 2. Nf3 Nc6 3. Bb5 g6 4. 0-0 Bg7 5. Bxc6 bxc6 6. d3 d6 7. Nbd2 e5 8. Re1 Ne7 9. b3 0-0 10. Bb2 f5 11. c3 Qc7 12. d4 cxd4 13. cxd4 fxe4 14. Nxe4 d5 15. Nc5 e4 16. Nd2 Qf4 17. Qe2 Nf5 18. Rad1 Nxd4 19. Bxd4 Bxd4 20. Ndxe4 Bg4 21. Qd2 Bxd1 22. Qxd4 Bg4 23. h3 Bf5 24. Nf6+ Rxf6 25. Qxf4 Raf8 26. Qh6 1-0